| 000 | 00590nam a2200241Ia 4500 | ||
|---|---|---|---|
| 003 | OSt | ||
| 005 | 20231030103148.0 | ||
| 008 | 210210b1926 xxu||||| |||| 00| 0 eng d | ||
| 040 | _cAL | ||
| 041 | _aeng | ||
| 082 | _a942/171 | ||
| 100 |
_aMOWAT (R B) _9139927 |
||
| 245 | _aNew history of Great Britain | ||
| 260 |
_aLondon _bOxford University Press _c1926 |
||
| 650 |
_aof _9139928 |
||
| 650 |
_aNew _9139929 |
||
| 650 |
_ahistory _9139930 |
||
| 650 |
_aGreat _9139931 |
||
| 650 |
_aBritain _9139932 |
||
| 690 |
_aEuropean History _9139933 |
||
| 906 | _a025578 | ||
| 942 |
_2ddc _cBK |
||
| 999 |
_c151459 _d151459 |
||